Az uzsorabíróság hatásköréről és eljárásáról, elkobzás, vagy az elkobzást pótló fizetési kötelezettség megállapítása tekintetében, ha a bűnvádi eljárást megindítani vagy folytatni nem lehet, 1937. január 17. napján hatályba lépett 310/1937. M. E. számú rendelet

Elmentve itt :
Bibliográfiai részletek
Szerző: Pethő Tibor
Dokumentumtípus: Cikk
Megjelent: 1937
Sorozat:Polgári jog : a hazai és külföldi magánjog és hiteljog szemléje 13
Kulcsszavak:Büntetőjog - magyar - pénzügyi visszaélés
Online Access:http://misc.bibl.u-szeged.hu/6286
LEADER 00889nab a2200169 i 4500
001 misc6286
005 20191106142131.0
008 170607s1937 hu o 0|| hun d
040 |a SZTE Miscellanea Repozitórium  |b hun 
041 |a hun 
100 1 |a Pethő Tibor 
245 1 3 |a Az uzsorabíróság hatásköréről és eljárásáról, elkobzás, vagy az elkobzást pótló fizetési kötelezettség megállapítása tekintetében, ha a bűnvádi eljárást megindítani vagy folytatni nem lehet, 1937. január 17. napján hatályba lépett 310/1937. M. E. számú rendelet  |h [elektronikus dokumentum] /  |c  Pethő Tibor 
260 |c 1937 
300 |a 87-88a 
490 0 |a Polgári jog : a hazai és külföldi magánjog és hiteljog szemléje  |v 13 
695 |a Büntetőjog - magyar - pénzügyi visszaélés 
856 4 0 |u http://misc.bibl.u-szeged.hu/6286/1/polgari_jog_1937_087-088a.pdf  |z Dokumentum-elérés